000 00348nam a2200121Ia 4500
008 231129s9999||||xx |||||||||||||| ||spa||
020 _a978-958-44-2863-9
082 _aGOR- 072
100 _aílvarez Juan Miguel
245 0 _aTumbas en el aire
264 _aManizales: Gama Impresores 2008
942 _2ddc
_cBKS
999 _c25741
_d25741